00555nam a2200157 a 450000100100000000500170001000800410002704000250006810000350009324500630012826000530019130000210024404900090026595201060027499900170038000003368420200930070435.0110905s1960 dr 000 0 spa d aDO-SdBNPbspacBNPHU1 aBahiana, Henrique Paulo95914010aTreinta anos da Era da Trujillo /cHenrique Paulo Bahiana. aRio de Janeiro, Brasil :bGráfica Tupy,c1960. a160 p. ;c24 cm. aBNPD 00107-18PDaPDbPDcOId2011-09-05iLF1l0o p33684-10r2020-06-25w2020-06-25yLFPDZNo se presta c33175d33175